| 000 | 00485nam a22001697a 4500 | ||
|---|---|---|---|
| 003 | BD-ChCU | ||
| 005 | 20260514101419.0 | ||
| 008 | 260514b bg ||||| |||| 00| 0 ben d | ||
| 040 | _cBD-ChCU | ||
| 082 | _a330.1 UMQ | ||
| 100 |
_aUmbreit , Myron H. _922988 |
||
| 245 |
_aQuestion and problems on the principles of economics ./ _cMyron H. Umbreit , |
||
| 260 |
_aNew York : _bMcgraw - hill , _cC 1939 |
||
| 300 | _axiv , 176p. | ||
| 650 | 0 |
_aEconomics. _922992 |
|
| 942 |
_2ddc _cBK _n0 |
||
| 999 |
_c112976 _d112976 |
||